Statistics for U.S. Presidents with the Highest Military Rank

Click here to take the quiz!

General Stats

  • This quiz has been taken 902 times
  • The average score is 8 of 12

Answer Stats

RankPresident% Correct
General of the ArmiesGeorge Washington
98%
General of the ArmyDwight D. Eisenhower
95%
General of the ArmyUlysses S. Grant
86%
Major generalAndrew Jackson
75%
Brigadier generalAndrew Johnson
64%
Brigadier generalBenjamin Harrison
64%
Major generalWilliam Henry Harrison
64%
Major generalZachary Taylor
62%
Major generalJames A. Garfield
52%
Major generalRutherford B. Hayes
51%
Brigadier generalFranklin Pierce
48%
Brigadier generalChester A. Arthur
45%

Score Distribution

Percentile by Number Answered

Percent of People with Each Score

Your Score History

You have not taken this quiz